Sports Quiz

Random Sports or Baseball Quiz

MLB 3,000 Hit Club Quiz Stats

 Plays Quiz Updated Oct 1, 2019

Score 0/32 Timer 10:00
29 Plays Today
# of Hits Player % Correct
4,256Pete Rose
95.7%
4,189Ty Cobb
86.7%
3,202*Albert Pujols
86%
3,089Ichiro Suzuki
84%
3,114Alex Rodriguez
83.6%
3,771Hank Aaron
77.8%
3,184Cal Ripken, Jr.
76.7%
3,000Roberto Clemente
74.8%
3,166Adrián Beltré
73.4%
3,283Willie Mays
72.9%
3,141Tony Gwynn
72.1%
3,010Wade Boggs
65.5%
3,060Craig Biggio
63.8%
3,630Stan Musial
62.7%
3,420Honus Wagner
60.7%
3,319Paul Molitor
60.7%
# of Hits Player % Correct
3,142Robin Yount
60.4%
3,154George Brett
59.9%
3,055Rickey Henderson
57.9%
3,255Eddie Murray
56.4%
3,020Rafael Palmeiro
54.6%
3,053Rod Carew
50.6%
3,419Carl Yastrzemski
46%
3,110Dave Winfield
45.5%
3,007Al Kaline
43.4%
3,465Derek Jeter
42.1%
3,435Cap Anson
40.5%
3,514Tris Speaker
40.4%
3,023Lou Brock
39.2%
3,242Nap Lajoie
36.9%
3,152Paul Waner
29.1%
3,315Eddie Collins
25.7%

You're not logged in!

Compare scores with friends on all Sporcle quizzes.
OR
Log In

Sporcle TV

Today on Sporcle TV


Watch our educational content, quiz creation guides, and fun videos on Sporcle TV.

Show Comments

Extras

Top Quizzes Today


Score Distribution

Your Account Isn't Verified!

In order to create a playlist on Sporcle, you need to verify the email address you used during registration. Go to your Sporcle Settings to finish the process.

Report this User

Report this user for behavior that violates our Community Guidelines.

Details: